01019nam a2200265 a 450000100100000000500170001000800410002702000150006804000250008308200230010824501340013125000110026526000470027630000340032349000230035765000480038065000310042865000480045970000270050770000360053483000300057004900090060095201270060999900170073600002152020200930011343.0100908s1973 es ac r 000 | spa d a8423966046 aDO-SdBNPbspacBNPHU a643.6bH141r, 197300aHaga y repare usted mismo sus instalaciones eléctricas /ccolaboración de André Loué; traducción de Luis Joly García. a3a ed. aMadrid, (España) :bEspasa-Calpe,c1973. a64 p., :bil, retrs ;c17 cm.1 aHagalo usted mismo 4aInstalaciones eléctricasxManuales944853 4aLineas eléctricas944854 4aDistribución de energia eléctrica983321 aLoué, André9448551 aGarcía, Luis Jolyetr.944856 0aHagalo Usted Mismo944857 aBNGR 001054708MOaGRbGRcCTd2010-09-08iLF1l0o643.6 H141r, 1973p21520-10r2020-06-25w2020-06-25y4ZPréstamo en sala c21020d21020